An Introduction to Multivariate Statistical Analysis (Record no. 2679)
[ view plain ]
| 000 -LEADER | |
|---|---|
| fixed length control field | 00423nam a2200169Ia 4500 |
| 008 - FIXED-LENGTH DATA ELEMENTS--GENERAL INFORMATION | |
| fixed length control field | 221030s9999 xx 000 0 und d |
| 020 ## - INTERNATIONAL STANDARD BOOK NUMBER | |
| ISBN | 9812530967 |
| 041 ## - LANGUAGE CODE | |
| Language code of text/sound track or separate title | |
| 082 ## - DEWEY DECIMAL CLASSIFICATION NUMBER | |
| Classification number | 105.23 |
| Item number | And |
| 100 ## - MAIN ENTRY--AUTHOR NAME | |
| Personal name | T. W. Anderson |
| 245 #3 - TITLE STATEMENT | |
| Title | An Introduction to Multivariate Statistical Analysis |
| Statement of responsibility, etc | by T. W. Anderson |
| 250 ## - EDITION STATEMENT | |
| Edition statement | 3rd |
| 260 ## - PUBLICATION, DISTRIBUTION, ETC. (IMPRINT) | |
| Name of publisher | John Willey |
| Year of publication | 2006 |
| 300 ## - PHYSICAL DESCRIPTION | |
| Number of Pages | 721 |
| 650 ## - SUBJECT ADDED ENTRY--TOPICAL TERM | |
| Topical Term | MCA Maths |
| 942 ## - ADDED ENTRY ELEMENTS (KOHA) | |
| Koha item type | Books |
| Accession Number | Cost, normal purchase price | Full call number | Price effective from | Koha item type | Withdrawn / writtenoff status | Materials specified (bound volume or other part) | Damaged status | Not for loan | Permanent Location | Current Location | Shelving location | Date acquired | Lost/ Missing status | department |
|---|---|---|---|---|---|---|---|---|---|---|---|---|---|---|
| M 1175 | 418.00 | 105.23 And | 10/30/2022 | Books | MIET Library, Jammu | MIET Library, Jammu | BL-Academic Block- B, FL-2, CUP-122, SH-2, R-2 | 11/11/2006 | MCA | |||||
| M 1176 | 418.00 | 105.23 And | 10/30/2022 | Books | MIET Library, Jammu | MIET Library, Jammu | BL-Academic Block- B, FL-2, CUP-94, SH-6, R-6 | 11/11/2006 | MCA | |||||
| M 1177 | 418.00 | 105.23 And | 10/30/2022 | Books | MIET Library, Jammu | MIET Library, Jammu | BL-Academic Block- B, FL-2, CUP-94, SH-6, R-6 | 11/11/2006 | MCA |